| 000 | 00610nam a2200205Ia 4500 | ||
|---|---|---|---|
| 003 | OSt | ||
| 005 | 20230607183329.0 | ||
| 008 | 210423s1972 xx 000 0 und d | ||
| 040 | _cAL | ||
| 041 | _aeng | ||
| 082 |
_a306.85 _223 _bINDI |
||
| 100 |
_aIndian Social Institute _9116011 |
||
| 245 | _aIndian family in the change and challenge of the seventies | ||
| 260 |
_aNew Delhi _bSterling Publishers Private Limited _c1972 |
||
| 365 |
_b124 _cINR |
||
| 650 |
_aMarriage & Family _9116012 |
||
| 650 |
_aSociology _9116013 |
||
| 906 | _achallenge ; change ; family ; Indian ; seventies | ||
| 942 |
_2ddc _cBK |
||
| 999 |
_c175400 _d175400 |
||